00323nam a22001097a 4500082001200000100003000012245006800042260003400110300000900144490004600153650001400199 a366 CHE aChemical society of Japan a The Chemical society of Japan: A 125-Year Quest for Excellence aJapanbChemical Societyc2003 a196p aA 125-Year Quest for Excellence 1878-2003 achemistry